Model conacre licence agreement (Record no. 115998)

MARC details
000 -LEADER
fixed length control field 01275cad a22002415a 4500
001 - CONTROL NUMBER
control field L159558
005 - DATE AND TIME OF LATEST TRANSACTION
control field 20250804135835.0
008 - FIXED-LENGTH DATA ELEMENTS--GENERAL INFORMATION
fixed length control field 150416s2009 xxk f 000 0 eng d
035 ## - SYSTEM CONTROL NUMBER
System control number (Sirsi) u159558
041 0# - LANGUAGE CODE
Language code of text/sound track or separate title eng
050 04 - LIBRARY OF CONGRESS CALL NUMBER
Classification number 630.026 $2 18
110 2# - MAIN ENTRY--CORPORATE NAME
Corporate name or jurisdiction name as entry element Royal Institution of Chartered Surveyors
9 (RLIN) 4900
245 04 - TITLE STATEMENT
Title Model conacre licence agreement
250 ## - EDITION STATEMENT
Edition statement 3rd ed.
260 ## - PUBLICATION, DISTRIBUTION, ETC.
Place of publication, distribution, etc. London
Name of publisher, distributor, etc. RICS
Date of publication, distribution, etc. 2009
490 #0 - SERIES STATEMENT
Series statement RICS Information Paper
520 ## - SUMMARY, ETC.
Summary, etc. This agreement was first produced in 2005 by members of the Land Group of the RICS in Northern Ireland, in response to a variety of issues raised by the introduction of the Single Farm Payment Scheme (SFP). This third edition includes alterations resulting from recent changes in the SFP rules. Conacre is a system of letting agricultural land that is unique to Ireland. The current use of 'conacre' originated with the Land Acts of the mid-nineteenth century. Today the term is used to reflect the system where landowners who wish to retain their land but not farm it can licence the land to another farmer, usually for a period of eleven months.
520 ## - SUMMARY, ETC.
Summary, etc. Superseded by 4th edition.
650 24 - SUBJECT ADDED ENTRY--TOPICAL TERM
Topical term or geographic name entry element CONACRE
650 24 - SUBJECT ADDED ENTRY--TOPICAL TERM
Topical term or geographic name entry element AGRICULTURAL LICENCES
651 #4 - SUBJECT ADDED ENTRY--GEOGRAPHIC NAME
Geographic name Northern Ireland
942 ## - ADDED ENTRY ELEMENTS (KOHA)
Suppress in OPAC 0
Source of classification or shelving scheme Dewey Decimal Classification
Holdings
Withdrawn status Lost status Source of classification or shelving scheme Damaged status Not for loan Home library Current library Shelving location Date acquired Total Checkouts Full call number Barcode Date last seen Copy number Price effective from Koha item type
    Dewey Decimal Classification     Virtual Virtual Online 08/09/2017   ONLINE PUBLICATION 159558-2001 06/08/2019 1 06/08/2019 Book